000 00838nam a2200229Ii 4500
003 JO-AjNU
008 230605s9999||||xx |||||||||||||| ||und||
017 _a2009/4/1263
020 _a9957-16-510-9
040 _aJO-AjNU
_bara
_erda
_cJO-AjNU
041 _aara
050 1 4 _aK3856.S56.2010
100 3 _a الشناق ، معين فندي ,
_eauthor
_925262
245 0 0 _aالاحتكار والممارسات المقيدة للمنافسة في ضوء قوانين المنافسة والاتفاقيات الدولية
250 _aط1
264 3 1 _aعمان : دار الثقافة ، 2010
300 _a320ص
336 _atext
_btxt
_2rdacontent
337 _aunmediated
_bn
_2rdamedia
338 _avolume
_bnc
_2rdacarrier
650 4 _aالاحتكار -- المنافسة -- الاتفاقيات الدولية
_925263
999 _aA9425
_c12993
_d12993